000 00340nam a2200133Ia 4500
008 240624s9999 xx 000 0 und d
041 _aeng
082 _a658.7 CHA
100 _aCHANDRA CHARU
245 _aSUPPLY CHAIN CONFIGURATION CONCEPTS SOLU
260 _c2007
_aLondon
_bSpringer
300 _axx, 342 p.; 23 cm.
365 _cERU
_b35
999 _c31520
_d31520